| 000 | 00419nam a22001697a 4500 | ||
|---|---|---|---|
| 003 | MPLRDC | ||
| 005 | 20220104142544.0 | ||
| 008 | 210129b ||||| |||| 00| 0 eng d | ||
| 082 | _a592.42 QYM | ||
| 100 | _a堀元美 等著 | ||
| 245 |
_a美苏海底战略 _c明滔 译 |
||
| 250 | _a初版 | ||
| 260 |
_a _b天地图书有限公司 _c1978 |
||
| 300 | _b平 | ||
| 650 | _a战略--海权 | ||
| 942 |
_cBK _o592.42 QYM |
||
| 999 |
_c31845 _d31835 |
||